[Event "EUR-chT Seniors 65"]
[Site "Prague"]
[Date "2021.09.01"]
[Round "3.4"]
[White "Geibel, Henning"]
[Black "Bjorgvik, Jan Arne"]
[Result "1/2-1/2"]
[WhiteElo "1446"]
[BlackElo "1722"]
[PlyCount "41"]
[EventDate "2021.08.30"]
[EventType "team-swiss"]
[EventRounds "9"]
[EventCountry "CZE"]
[SourceTitle "CBM 204 Extra"]
[Source "ChessBase"]
[SourceDate "2021.11.30"]
[SourceVersion "1"]
[SourceVersionDate "2021.11.30"]
[SourceQuality "1"]
[WhiteTeam "Germany North 65"]
[BlackTeam "Golden Oldies 65"]
[WhiteTeamCountry "GER"]
[BlackTeamCountry "NOR"]

1. e4 c6 2. Bc4 d5 3. exd5 cxd5 4. Bb3 Nf6 5. d4 e6 6. Nf3 Nc6 7. 0-0 Bd6 8. h3 0-0 9. Bg5 h6 10. Bxf6 Qxf6 11. c4 dxc4 12. Bxc4 Rd8 13. Nc3 Bb8 14. Ne2 e5 15. d5 Ne7 16. Qb3 Qd6 17. g3 b6 18. Kh2 Qd7 19. Neg1 Qd6 20. Rfe1 f6 21. Rad1 1/2-1/2

[Event "MVP-ch Seniors op 19th"]
[Site "Ostseebad Binz"]
[Date "2019.12.04"]
[Round "8"]
[White "Howe, Dietrich"]
[Black "Geibel, Henning"]
[Result "0-1"]
[WhiteElo "1465"]
[BlackElo "1433"]
[PlyCount "46"]
[EventDate "2019.11.27"]
[EventType "swiss"]
[EventRounds "9"]
[EventCountry "GER"]
[SourceTitle "EXT 2021"]
[Source "ChessBase"]
[SourceDate "2020.10.23"]
[SourceVersion "1"]
[SourceVersionDate "2020.10.23"]
[SourceQuality "1"]

1. f4 d5 2. Nf3 Bf5 3. e3 Nc6 4. Bb5 Qd6 5. b3 a6 6. Bxc6+ Qxc6 7. d3 Nf6 8. 0-0 Bg4 9. Bb2 0-0-0 10. Qe1 Qxc2 11. Bxf6 exf6 12. Nbd2 Qxd3 13. Rc1 Bd6 14. h3 Bd7 15. Qf2 Qg6 16. g4 h5 17. Kh1 hxg4 18. h4 g3 19. Qg2 Rxh4+ 20. Nxh4 Rh8 21. Qf3 Rxh4+ 22. Kg1 Rh2 23. f5 Qg5 0-1

[Event "MVP-ch Seniors op 19th"]
[Site "Ostseebad Binz"]
[Date "2019.12.03"]
[Round "7"]
[White "Geibel, Henning"]
[Black "Scholz, Jutta"]
[Result "0-1"]
[WhiteElo "1433"]
[BlackElo "1639"]
[PlyCount "84"]
[EventDate "2019.11.27"]
[EventType "swiss"]
[EventRounds "9"]
[EventCountry "GER"]
[SourceTitle "EXT 2021"]
[Source "ChessBase"]
[SourceDate "2020.10.23"]
[SourceVersion "1"]
[SourceVersionDate "2020.10.23"]
[SourceQuality "1"]

1. e4 d6 2. Nf3 g6 3. Bc4 Bg7 4. Ng5 e6 5. d3 h6 6. Nf3 c6 7. a4 Ne7 8. 0-0 0-0 9. c3 d5 10. exd5 cxd5 11. Bb3 Nbc6 12. Be3 b6 13. Qd2 Kh7 14. d4 Na5 15. Ba2 Nc4 16. Bxc4 dxc4 17. Ne5 Qd5 18. Na3 Bb7 19. f3 Rac8 20. Ng4 Nf5 21. Bf2 Qd7 22. Nc2 h5 23. Nge3 Bh6 24. Qe2 Nd6 25. Rfd1 f5 26. Nb4 a5 27. Nbc2 f4 28. Nf1 Bd5 29. Nd2 Rf7 30. Ne4 Nf5 31. Nd2 g5 32. Qe5 Bg7 33. Qe1 Kg8 34. Ne4 Bh8 35. Kf1 Qe7 36. Qe2 g4 37. g3 fxg3 38. Bxg3 h4 39. Be5 Bxe5 40. dxe5 gxf3 41. Qxf3 Ng3+ 42. hxg3 Rxf3+ 0-1

[Event "MVP-ch Seniors op 19th"]
[Site "Ostseebad Binz"]
[Date "2019.11.30"]
[Round "4"]
[White "Geibel, Henning"]
[Black "Perk, Egbert"]
[Result "0-1"]
[WhiteElo "1433"]
[BlackElo "1745"]
[PlyCount "55"]
[EventDate "2019.11.27"]
[EventType "swiss"]
[EventRounds "9"]
[EventCountry "GER"]
[SourceTitle "EXT 2021"]
[Source "ChessBase"]
[SourceDate "2020.10.23"]
[SourceVersion "1"]
[SourceVersionDate "2020.10.23"]
[SourceQuality "1"]

1. e4 d6 2. d4 Nf6 3. f3 Nbd7 4. Bc4 e5 5. dxe5 Nxe5 6. Bb3 c6 7. Bf4 Ng6 8. Bg5 h6 9. Bxf6 Qxf6 10. c3 a5 11. Ne2 Be7 12. 0-0 0-0 13. Qd4 Nf4 14. Qxf6 Nxe2+ 15. Kf2 Bxf6 16. Kxe2 a4 17. Bc2 b5 18. a3 Ba6 19. Kf2 Be7 20. Nd2 Rad8 21. Rfe1 d5 22. exd5 Bc5+ 23. Kg3 cxd5 24. b3 b4 25. axb4 Bd6+ 26. f4 g5 27. Kf2 Bxf4 28. Nf1 0-1

[Event "GER-ch Seniors 65 31st"]
[Site "Radebeul"]
[Date "2019.04.29"]
[Round "4"]
[White "Semisch, Helga"]
[Black "Geibel, Henning"]
[Result "1-0"]
[WhiteElo "1571"]
[BlackElo "1392"]
[PlyCount "75"]
[EventDate "2019.04.26"]
[EventType "swiss"]
[EventRounds "9"]
[EventCountry "GER"]
[SourceTitle "CBM 190 Extra"]
[Source "ChessBase"]
[SourceDate "2019.07.15"]
[SourceVersion "1"]
[SourceVersionDate "2019.07.15"]
[SourceQuality "1"]

1. d4 d5 2. e3 Bf5 3. Nd2 Nc6 4. f4 Nb4 5. e4 dxe4 6. c3 Nc6 7. Ne2 Nf6 8. Ng3 Bg4 9. Qb3 Qc8 10. Ndxe4 Nxe4 11. Nxe4 e6 12. Bd3 Be7 13. 0-0 0-0 14. h3 Bh5 15. Be3 b6 16. Ng3 Bg6 17. f5 exf5 18. Nxf5 Bxf5 19. Bxf5 Qe8 20. Bf4 Bd6 21. Bg5 h6 22. Bh4 Na5 23. Qc2 Nc4 24. Bf2 c5 25. Rae1 Qb8 26. Re2 Bh2+ 27. Kh1 Bg3 28. Bg1 Bd6 29. Be4 cxd4 30. Bxa8 Qxa8 31. Bxd4 Qd5 32. Qd3 Ne5 33. Qf5 f6 34. Bxe5 Bxe5 35. Qg4 Qxa2 36. Rd1 Qb3 37. Rd7 Qb5 38. Qxg7# 1-0

[Event "GER-ch Seniors 65 31st"]
[Site "Radebeul"]
[Date "2019.04.28"]
[Round "3"]
[White "Geibel, Henning"]
[Black "Ritter, Fred"]
[Result "0-1"]
[WhiteElo "1392"]
[BlackElo "1706"]
[PlyCount "122"]
[EventDate "2019.04.26"]
[EventType "swiss"]
[EventRounds "9"]
[EventCountry "GER"]
[SourceTitle "CBM 190 Extra"]
[Source "ChessBase"]
[SourceDate "2019.07.15"]
[SourceVersion "1"]
[SourceVersionDate "2019.07.15"]
[SourceQuality "1"]

1. e4 e5 2. Nf3 Nc6 3. Bc4 Bc5 4. 0-0 d6 5. d3 Nf6 6. Bg5 Na5 7. Bb3 Nxb3 8. axb3 c6 9. Nc3 a6 10. d4 exd4 11. Nxd4 0-0 12. Nf3 Bg4 13. h3 Bh5 14. Qd3 h6 15. Bf4 Bg6 16. Rfe1 d5 17. Qe2 Bxe4 18. Nxe4 Nxe4 19. Be3 Bb4 20. c3 Bd6 21. c4 f5 22. cxd5 cxd5 23. Rad1 Bb4 24. Rf1 Qa5 25. Nd4 Rae8 26. Nc2 Be7 27. Nd4 Bd6 28. Qh5 f4 29. Nf5 Re6 30. Bd4 Be5 31. Bxe5 d4 32. Bxd4 Rxf5 33. Qe2 Ng5 34. Qc4 Kh7 35. Bc3 Qb6 36. Rd7 Rg6 37. Re1 Nxh3+ 38. Kh2 Nxf2 39. Bd4 Ng4+ 40. Kg1 Qa5 41. b4 Qa4 42. Rd8 Nf6 43. Bxf6 Rgxf6 44. Qg8+ Kg6 45. Re7 Rf7 46. Rxf7 Rxf7 47. Rd6+ Rf6 48. Rd4 Qa1+ 49. Kh2 Qxb2 50. Qe8+ Kg5 51. Qe5+ Kg6 52. Qe4+ Rf5 53. Rd6+ Kg5 54. Qe7+ Kg4 55. Rg6+ Rg5 56. Qe6+ Kh5 57. Qe8 Rxg6 58. Qe4 Qf2 59. Qf5+ Rg5 60. Qh3+ Qh4 61. Qxh4+ Kxh4 0-1

[Event "GER-ch Seniors 65 31st"]
[Site "Radebeul"]
[Date "2019.04.26"]
[Round "1"]
[White "Geibel, Henning"]
[Black "Tuertmann, Dieter"]
[Result "0-1"]
[WhiteElo "1392"]
[BlackElo "1947"]
[PlyCount "86"]
[EventDate "2019.04.26"]
[EventType "swiss"]
[EventRounds "9"]
[EventCountry "GER"]
[SourceTitle "CBM 190 Extra"]
[Source "ChessBase"]
[SourceDate "2019.07.15"]
[SourceVersion "1"]
[SourceVersionDate "2019.07.15"]
[SourceQuality "1"]

1. e4 c5 2. Bc4 e6 3. Nf3 a6 4. a4 d6 5. 0-0 Be7 6. d4 cxd4 7. Nxd4 Nf6 8. Re1 0-0 9. Nc3 Qc7 10. Bd3 Nbd7 11. Bg5 Ne5 12. Bxf6 Bxf6 13. Nf3 Ng6 14. Ne2 Bxb2 15. Rb1 Bf6 16. c4 Bd7 17. Qb3 Bc6 18. Ned4 Rfb8 19. Nxc6 bxc6 20. Qc2 c5 21. h3 Rb4 22. Rxb4 cxb4 23. Rb1 a5 24. Rb3 Rc8 25. Nh2 Qc6 26. Ng4 Bd4 27. Qe2 Nf4 28. Qf3 Nxd3 29. Qxd3 Qxc4 30. Qg3 Be5 31. Nxe5 dxe5 32. Re3 Qd4 33. Qf3 Rc1+ 34. Kh2 Rc3 35. Qe2 Rxe3 36. fxe3 Qxe4 37. Qb5 Qa8 38. Qxe5 h6 39. Qb5 Qd8 40. Kg3 g6 41. e4 Qg5+ 42. Kf3 Qxb5 43. axb5 b3 0-1

[Event "MVP-ch Seniors op 18th"]
[Site "Ostseebad Binz"]
[Date "2018.12.05"]
[Round "8"]
[White "Geibel, Henning"]
[Black "Walther, Renate"]
[Result "1-0"]
[WhiteElo "1466"]
[BlackElo "1113"]
[PlyCount "85"]
[EventDate "2018.11.28"]
[EventType "swiss"]
[EventRounds "9"]
[EventCountry "GER"]
[SourceTitle "CBM 188 Extra"]
[Source "ChessBase"]
[SourceDate "2019.02.26"]
[SourceVersion "1"]
[SourceVersionDate "2019.02.26"]
[SourceQuality "1"]

1. e4 e5 2. Nf3 d5 3. d3 dxe4 4. dxe4 Qxd1+ 5. Kxd1 Bd6 6. Nc3 Nf6 7. Bc4 0-0 8. Bg5 Nbd7 9. Re1 h6 10. Bh4 a6 11. a4 Bb4 12. Bg3 Bxc3 13. bxc3 Re8 14. a5 b6 15. axb6 Nxb6 16. Bd3 Bg4 17. Ke2 Bxf3+ 18. Kxf3 Re6 19. Ra5 Nbd7 20. Rb1 Rc6 21. c4 Rc5 22. Rxc5 Nxc5 23. Bxe5 Nxd3 24. cxd3 Nd7 25. Bxc7 a5 26. Bd6 Ra6 27. c5 a4 28. Rb7 a3 29. Rb1 a2 30. Ra1 Ra3 31. Ke3 Ra6 32. d4 Kh7 33. d5 g5 34. Kd3 Ra4 35. f3 Kg6 36. Kc3 Ra6 37. Kb3 Ra8 38. Rxa2 Rxa2 39. Kxa2 h5 40. c6 Nb6 41. c7 f6 42. Bc5 Nc8 43. d6 1-0

[Event "MVP-ch Seniors op 18th"]
[Site "Ostseebad Binz"]
[Date "2018.12.02"]
[Round "5"]
[White "Geibel, Henning"]
[Black "Girod, Gudrun"]
[Result "1/2-1/2"]
[WhiteElo "1466"]
[BlackElo "1495"]
[PlyCount "45"]
[EventDate "2018.11.28"]
[EventType "swiss"]
[EventRounds "9"]
[EventCountry "GER"]
[SourceTitle "CBM 188 Extra"]
[Source "ChessBase"]
[SourceDate "2019.02.26"]
[SourceVersion "1"]
[SourceVersionDate "2019.02.26"]
[SourceQuality "1"]

1. e4 e6 2. d4 d5 3. e5 c5 4. c3 cxd4 5. cxd4 Bb4+ 6. Bd2 Bxd2+ 7. Nxd2 Ne7 8. Ngf3 0-0 9. Bd3 Qb6 10. b3 Nf5 11. Bxf5 exf5 12. 0-0 Be6 13. Nb1 Nc6 14. Nc3 Qd8 15. Na4 b6 16. Nc3 a6 17. Rc1 Rc8 18. Qd2 h6 19. Ne2 f6 20. Nf4 Bf7 21. e6 Be8 22. Qe2 Qe7 23. Nxd5 1/2-1/2

[Event "GER-ch Seniors 65"]
[Site "Hamburg"]
[Date "2018.07.22"]
[Round "2"]
[White "Husser, Oskar"]
[Black "Geibel, Henning"]
[Result "1-0"]
[WhiteElo "1732"]
[BlackElo "1452"]
[PlyCount "53"]
[EventDate "2018.07.21"]
[EventType "swiss"]
[EventRounds "9"]
[EventCountry "GER"]
[SourceTitle "CBM 186 Extra"]
[Source "ChessBase"]
[SourceDate "2018.08.24"]
[SourceVersion "1"]
[SourceVersionDate "2018.08.24"]
[SourceQuality "1"]

1. Nf3 d5 2. c4 e6 3. e3 Nf6 4. Nc3 dxc4 5. Bxc4 c6 6. 0-0 b5 7. Bb3 Ba6 8. Re1 Be7 9. d4 0-0 10. Bc2 h6 11. a3 Qa5 12. Bd2 Qb6 13. Ne5 c5 14. dxc5 Qxc5 15. Nd3 Qc7 16. e4 e5 17. Qf3 Nc6 18. Ne2 Bc8 19. Rac1 Bg4 20. Qg3 Nxe4 21. Qxg4 Nxd2 22. Qf5 Nc4 23. Nxe5 g6 24. Nxg6 N6e5 25. Nxe7+ Kg7 26. Qh7+ Kf6 27. Nd5+ 1-0

[Event "Schleswig-Holstein-ch Seniors-B"]
[Site "Bad Segeberg"]
[Date "2018.03.28"]
[Round "5"]
[White "Geibel, Henning"]
[Black "Weck, Uwe"]
[Result "1-0"]
[WhiteElo "1473"]
[BlackElo "1574"]
[PlyCount "109"]
[EventDate "2018.03.24"]
[EventType "swiss"]
[EventRounds "9"]
[EventCountry "GER"]
[SourceTitle "EXT 2023"]
[Source "ChessBase"]
[SourceDate "2022.10.05"]
[SourceVersion "1"]
[SourceVersionDate "2022.10.05"]
[SourceQuality "1"]

1. e4 e5 2. Nf3 Nc6 3. Bc4 Bc5 4. 0-0 Nf6 5. d3 d6 6. h3 0-0 7. Bg5 h6 8. Bh4 Kh8 9. Nc3 a6 10. Nd5 g5 11. Bg3 Na5 12. Nd2 Nxc4 13. Nxc4 b5 14. Na5 Nxd5 15. exd5 f5 16. Qh5 Qf6 17. Nb3 Bb6 18. Rfe1 Bd7 19. c3 Be8 20. Qe2 Bg6 21. d4 Rae8 22. dxe5 Qe7 23. e6 f4 24. Bh2 Rf5 25. c4 bxc4 26. Qxc4 a5 27. Nd4 Bxd4 28. Qxd4+ Kh7 29. Rac1 Rd8 30. Qa7 Rc8 31. Qb7 Rff8 32. Qa6 Ra8 33. Qc6 Rac8 34. f3 Be8 35. Qc2+ Kg8 36. Qc3 a4 37. Re4 c6 38. dxc6 d5 39. Rd4 Rxc6 40. Qd2 Rxc1+ 41. Qxc1 Qxe6 42. Qd1 Bc6 43. Rd2 Rd8 44. Kh1 Qd6 45. Bg1 Re8 46. Qc1 Qd7 47. Rd1 Bb5 48. Qc2 Qe6 49. Qc5 Bc4 50. a3 Rc8 51. Qa7 Bb3 52. Rf1 Rd8 53. Bd4 Qf7 54. Qb6 Qf8 55. Qe6+ 1-0

[Event "Schleswig-Holstein-ch Seniors-B"]
[Site "Bad Segeberg"]
[Date "2018.03.26"]
[Round "4"]
[White "Wichmann, Gerd"]
[Black "Geibel, Henning"]
[Result "1-0"]
[WhiteElo "1714"]
[BlackElo "1473"]
[PlyCount "71"]
[EventDate "2018.03.24"]
[EventType "swiss"]
[EventRounds "9"]
[EventCountry "GER"]
[SourceTitle "EXT 2023"]
[Source "ChessBase"]
[SourceDate "2022.10.05"]
[SourceVersion "1"]
[SourceVersionDate "2022.10.05"]
[SourceQuality "1"]

1. c4 e6 2. Nc3 Nf6 3. Nf3 Bc5 4. e3 0-0 5. a3 d5 6. d4 Be7 7. b4 a6 8. Bb2 Nbd7 9. Rc1 Nb6 10. cxd5 exd5 11. Be2 Nc4 12. Qc2 h6 13. Nxd5 Nxb2 14. Nxe7+ Qxe7 15. Qxb2 c6 16. h3 Qe4 17. Qc2 Bf5 18. Qxe4 Nxe4 19. 0-0 Bg6 20. Rfd1 Bh5 21. g4 Bg6 22. Bc4 Nd6 23. Bd3 h5 24. Bxg6 hxg4 25. Bxf7+ Rxf7 26. Ne5 Rf5 27. hxg4 Rg5 28. f4 Rxe5 29. dxe5 Nb5 30. a4 Nc7 31. Rd7 Nd5 32. Rxb7 Nxe3 33. Rxc6 Nxg4 34. Rg6 Ne3 35. Rbxg7+ Kf8 36. Rg8+ 1-0

[Event "MVP-ch Seniors op 17th"]
[Site "Binz"]
[Date "2017.12.02"]
[Round "4.85"]
[White "Geibel, Henning"]
[Black "Baumast, Bernd"]
[Result "1/2-1/2"]
[WhiteElo "1486"]
[BlackElo "1613"]
[PlyCount "51"]
[EventDate "2017.11.29"]
[EventType "swiss"]
[EventRounds "9"]
[EventCountry "GER"]
[SourceTitle "EXT 2019"]
[Source "ChessBase"]
[SourceDate "2018.10.10"]
[SourceVersion "1"]
[SourceVersionDate "2018.10.10"]
[SourceQuality "1"]

1. e4 e6 2. Nf3 Nf6 3. d3 d5 4. e5 Ng4 5. d4 f5 6. h3 Nh6 7. c4 g6 8. Bxh6 Bxh6 9. c5 Nc6 10. Bb5 Bd7 11. 0-0 a6 12. Be2 Na5 13. b4 Nc4 14. Bxc4 dxc4 15. Na3 b5 16. cxb6 cxb6 17. Nxc4 0-0 18. d5 Bb5 19. Qd4 Bxc4 20. Qxc4 Qxd5 21. Qxd5 exd5 22. Rad1 Rad8 23. Nd4 Rfe8 24. Nc6 Rc8 25. Nd4 Bg7 26. f4 1/2-1/2

[Event "Schleswig Holstein-ch Seniors op 11th"]
[Site "Buesum"]
[Date "2017.09.15"]
[Round "8"]
[White "Geibel, Henning"]
[Black "Kuehnen, Gerhard"]
[Result "1-0"]
[WhiteElo "1475"]
[BlackElo "1639"]
[PlyCount "97"]
[EventDate "2017.09.08"]
[EventType "swiss"]
[EventRounds "9"]
[EventCountry "GER"]
[SourceTitle "EXT 2019"]
[Source "ChessBase"]
[SourceDate "2018.10.10"]
[SourceVersion "1"]
[SourceVersionDate "2018.10.10"]
[SourceQuality "1"]

1. e4 c5 2. Nf3 e6 3. Bc4 d5 4. exd5 exd5 5. Be2 Nc6 6. 0-0 Nf6 7. d4 c4 8. c3 Be7 9. h3 0-0 10. b3 b5 11. b4 a5 12. Nh2 axb4 13. Bg4 Bd6 14. Bxc8 Qxc8 15. cxb4 Bxb4 16. Bd2 Bd6 17. Bg5 Ne4 18. Be3 Qc7 19. Nf3 f6 20. Nfd2 f5 21. Nxe4 fxe4 22. Nc3 Qf7 23. Nxb5 Bb4 24. a3 Be7 25. Qg4 h5 26. Qd7 Nb8 27. Qb7 Na6 28. Na7 Qe6 29. Nc6 Bf6 30. Rfb1 Qc8 31. Ne7+ Bxe7 32. Qxe7 Rf7 33. Qe5 Rf5 34. Qd6 Qf8 35. Qe6+ Qf7 36. Qc6 Rf6 37. Qxa8+ Kh7 38. Rb7 Qg6 39. Rd7 Rd6 40. Qd8 Rxd7 41. Qxd7 Nb8 42. Qxd5 c3 43. Qb3 Nd7 44. Qxc3 Qf6 45. Qc8 Nb6 46. Qe8 Qf5 47. Rb1 Nc4 48. Rb5 Qg6 49. Rxh5+ 1-0

[Event "Schleswig Holstein-ch Seniors op 11th"]
[Site "Buesum"]
[Date "2017.09.13"]
[Round "6"]
[White "Geibel, Henning"]
[Black "Horn, Wilfried"]
[Result "1-0"]
[WhiteElo "1475"]
[BlackElo "1412"]
[PlyCount "41"]
[EventDate "2017.09.08"]
[EventType "swiss"]
[EventRounds "9"]
[EventCountry "GER"]
[SourceTitle "EXT 2019"]
[Source "ChessBase"]
[SourceDate "2018.10.10"]
[SourceVersion "1"]
[SourceVersionDate "2018.10.10"]
[SourceQuality "1"]

1. e4 c5 2. Nf3 d6 3. Bc4 e6 4. 0-0 Nc6 5. c3 Nf6 6. Re1 e5 7. Ng5 Be7 8. Nxf7 Qd7 9. Nxh8 Na5 10. Qe2 g6 11. Bb5 Nc6 12. Qc4 Bf8 13. Bxc6 bxc6 14. d4 d5 15. exd5 cxd5 16. Rxe5+ Kd8 17. Qe2 c4 18. Bg5 Bg7 19. Nxg6 hxg6 20. Qf3 Qd6 21. Rxd5 1-0

[Event "GER-chB Seniors 29th"]
[Site "Berlin"]
[Date "2017.08.07"]
[Round "2"]
[White "Geibel, Henning"]
[Black "Husser, Oskar"]
[Result "1-0"]
[WhiteElo "1447"]
[BlackElo "1820"]
[PlyCount "45"]
[EventDate "2017.08.07"]
[EventType "swiss"]
[EventRounds "9"]
[EventCountry "GER"]
[SourceTitle "EXT 2019"]
[Source "ChessBase"]
[SourceDate "2018.10.10"]
[SourceVersion "1"]
[SourceVersionDate "2018.10.10"]
[SourceQuality "1"]

1. e4 d5 2. e5 c5 3. Nf3 e6 4. d4 Nc6 5. Bb5 Qa5+ 6. Nc3 Bd7 7. Bxc6 Bxc6 8. 0-0 cxd4 9. Qxd4 Ne7 10. b4 Qc7 11. b5 Bd7 12. a4 Nf5 13. Qd3 Rc8 14. Bd2 Bb4 15. Nxd5 Qxc2 16. Qxc2 Rxc2 17. Nxb4 Rc4 18. Rac1 Rg4 19. Rc7 Nh4 20. Nxh4 Rxh4 21. Rxb7 a6 22. Rb8+ Ke7 23. Rxh8 1-0

[Event "MVP-ch Seniors op 16th"]
[Site "Binz"]
[Date "2016.11.25"]
[Round "3.85"]
[White "Gottschalk, Juergen"]
[Black "Geibel, Henning"]
[Result "1-0"]
[WhiteElo "1640"]
[BlackElo "1415"]
[PlyCount "69"]
[EventDate "2016.11.23"]
[EventType "swiss"]
[EventRounds "9"]
[EventCountry "GER"]
[SourceTitle "EXT 2018"]
[Source "ChessBase"]
[SourceDate "2017.10.13"]
[SourceVersion "1"]
[SourceVersionDate "2017.10.13"]
[SourceQuality "1"]

1. e4 e5 2. Nf3 d6 3. Bc4 Nf6 4. d3 Bg4 5. h3 Bd7 6. Ng5 Be6 7. Bxe6 fxe6 8. Nxe6 Qe7 9. Ng5 h6 10. Nf3 d5 11. Qe2 d4 12. 0-0 Nc6 13. Nbd2 Nb4 14. Nc4 Nd7 15. c3 dxc3 16. bxc3 Nc6 17. a4 a5 18. Ba3 Qf7 19. d4 exd4 20. cxd4 Bxa3 21. Rxa3 0-0 22. Rc3 Nf6 23. d5 Nb4 24. Nce5 Qe8 25. Rxc7 Qxa4 26. Qc4 b5 27. Qd4 Rac8 28. d6 Qb3 29. Ng6 Rfe8 30. Ne7+ Rxe7 31. Rxc8+ Kf7 32. dxe7 Kxe7 33. e5 Nfd5 34. Qa7+ Ke6 35. Nd4+ 1-0

[Event "Schleswig Holstein-ch Seniors op 10th"]
[Site "Buesum"]
[Date "2016.10.04"]
[Round "9"]
[White "Howe, Dietrich"]
[Black "Geibel, Henning"]
[Result "1-0"]
[WhiteElo "1544"]
[BlackElo "1428"]
[PlyCount "69"]
[EventDate "2016.09.26"]
[EventType "swiss"]
[EventRounds "9"]
[EventCountry "GER"]
[SourceTitle "EXT 2019"]
[Source "ChessBase"]
[SourceDate "2018.10.10"]
[SourceVersion "1"]
[SourceVersionDate "2018.10.10"]
[SourceQuality "1"]

1. e4 e5 2. Nf3 d6 3. d4 exd4 4. Nxd4 Nf6 5. Nc3 Be7 6. Be2 0-0 7. 0-0 a6 8. a4 h6 9. Re1 c5 10. Nf5 Bxf5 11. exf5 Nc6 12. Be3 Qd7 13. Bd3 Ne5 14. Bf4 Nxd3 15. Qxd3 d5 16. Rad1 Rfd8 17. Qh3 Qc6 18. Rxe7 d4 19. Ne2 Qxa4 20. b3 Qb4 21. Qh4 d3 22. cxd3 Rxd3 23. Rf1 Qxb3 24. Bxh6 Rd1 25. Ng3 Rd4 26. f4 Ne8 27. Qg5 Rd6 28. Bxg7 Nxg7 29. f6 Rxf6 30. Qxf6 Qd5 31. f5 c4 32. Qg5 Qd4+ 33. Kh1 Rd8 34. f6 Kh7 35. Qxg7# 1-0

[Event "Schleswig Holstein-ch Seniors op 10th"]
[Site "Buesum"]
[Date "2016.10.02"]
[Round "7"]
[White "Geibel, Henning"]
[Black "Priss, Klaus Peter"]
[Result "0-1"]
[WhiteElo "1428"]
[BlackElo "1633"]
[PlyCount "70"]
[EventDate "2016.09.26"]
[EventType "swiss"]
[EventRounds "9"]
[EventCountry "GER"]
[SourceTitle "EXT 2019"]
[Source "ChessBase"]
[SourceDate "2018.10.10"]
[SourceVersion "1"]
[SourceVersionDate "2018.10.10"]
[SourceQuality "1"]

1. e4 c5 2. Nf3 e6 3. Nc3 d6 4. Bc4 Nc6 5. 0-0 Be7 6. d4 cxd4 7. Nxd4 Nf6 8. Nxc6 bxc6 9. Qf3 0-0 10. Be3 e5 11. h3 a5 12. a4 Bb7 13. Rad1 Rb8 14. Be2 Qc7 15. Qg3 Rfd8 16. Bh6 g6 17. Be3 d5 18. exd5 cxd5 19. Bg5 Bc6 20. Nb5 Bxb5 21. Bxb5 Ne4 22. Qd3 Bxg5 23. c4 Nc5 24. Qg3 Bf4 25. Qf3 e4 26. Qa3 d4 27. g3 Be5 28. b4 axb4 29. Qxb4 f5 30. f4 exf3 31. Rxf3 Bxg3 32. Kg2 f4 33. Qb2 Qe5 34. Qd2 d3 35. Re1 Bxe1 0-1

[Event "GER-chB Seniors 28th"]
[Site "Niederhausen"]
[Date "2016.08.20"]
[Round "8"]
[White "Geibel, Henning"]
[Black "Walther, Renate"]
[Result "1-0"]
[WhiteElo "1453"]
[BlackElo "1233"]
[PlyCount "121"]
[EventDate "2016.08.13"]
[EventType "swiss"]
[EventRounds "9"]
[EventCountry "GER"]
[SourceTitle "EXT 2019"]
[Source "ChessBase"]
[SourceDate "2018.10.10"]
[SourceVersion "1"]
[SourceVersionDate "2018.10.10"]
[SourceQuality "1"]

1. e4 e5 2. Nf3 d5 3. exd5 e4 4. Ng1 Nf6 5. c4 Bd6 6. d3 0-0 7. dxe4 Nxe4 8. Bd3 Bf5 9. Qf3 g6 10. Bxe4 Bxe4 11. Qh3 Re8 12. Be3 Nd7 13. Ne2 Ne5 14. b3 c6 15. dxc6 Bb4+ 16. Nbc3 Bxc3+ 17. Nxc3 Nd3+ 18. Kf1 Bxc6 19. Rd1 Re6 20. Nd5 Ne5 21. Rd4 Bxd5 22. Rxd5 Qf6 23. Ke2 b6 24. Rhd1 Qf5 25. Qxf5 gxf5 26. Kf1 Rae8 27. Rd8 f6 28. Rxe8+ Rxe8 29. Bd4 Rd8 30. Ke2 Nc6 31. Bxf6 Rxd1 32. Kxd1 Nb4 33. a3 Nd3 34. f3 Nc5 35. b4 Nd7 36. Bh4 Kf7 37. Kd2 Ke6 38. Ke3 Ne5 39. Kd4 Nc6+ 40. Ke3 Ne5 41. c5 b5 42. f4 Nc4+ 43. Kd4 Nxa3 44. h3 Nc2+ 45. Kc3 Ne3 46. g3 Nd5+ 47. Kb3 h6 48. Bd8 Kd7 49. Ba5 a6 50. Kc2 Ne3+ 51. Kd3 Nd5 52. Kd4 Nf6 53. Ke5 Ne4 54. Kxf5 Nxg3+ 55. Kg6 h5 56. f5 h4 57. f6 Ne4 58. f7 Ke7 59. c6 Nd6 60. c7 Nc8 61. Kg7 1-0

[Event "WchT Seniors 65"]
[Site "Radebeul"]
[Date "2016.07.02"]
[Round "7.22"]
[White "Gabriel, Wolfram"]
[Black "Geibel, Henning"]
[Result "1/2-1/2"]
[WhiteElo "1713"]
[BlackElo "1444"]
[PlyCount "99"]
[EventDate "2016.06.26"]
[EventType "team-swiss"]
[EventRounds "9"]
[EventCountry "GER"]
[SourceTitle "CBM 173 Extra"]
[Source "ChessBase"]
[SourceDate "2016.08.29"]
[SourceVersion "1"]
[SourceVersionDate "2016.08.29"]
[SourceQuality "1"]
[WhiteTeam "Stiftung BSW/DBAG III"]
[BlackTeam "Randbauern"]
[WhiteTeamCountry "GER"]
[BlackTeamCountry "GER"]

1. e4 e5 2. Nf3 d6 3. d4 exd4 4. Nxd4 Nf6 5. Nc3 Be7 6. Bc4 0-0 7. 0-0 a6 8. a3 b5 9. Ba2 c5 10. Nf3 Bg4 11. Re1 Nc6 12. Bg5 h6 13. Bh4 Nd4 14. Qd3 Bxf3 15. gxf3 Nh5 16. Bg3 Nxg3 17. fxg3 Qb6 18. Nd5 Qa7 19. Kg2 Ne6 20. Rad1 c4 21. Qe2 Rab8 22. c3 Qd7 23. Qd2 Ng5 24. Nxe7+ Qxe7 25. Qxd6 Qxd6 26. Rxd6 a5 27. Red1 Ne6 28. Bb1 Nc5 29. e5 Na4 30. R1d2 Nc5 31. Bc2 Ne6 32. f4 Rfd8 33. Kf3 Kf8 34. Be4 Ke7 35. h4 Rxd6 36. exd6+ Kd7 37. f5 Nc5 38. Bd5 f6 39. Kg4 Nd3 40. b3 Kxd6 41. Be4 Ke5 42. Bxd3 cxd3 43. Rxd3 Rc8 44. Re3+ Kd6 45. Kh5 Rc7 46. Kg6 Kc5 47. g4 b4 48. cxb4+ axb4 49. a4 Kd4 50. Re1 1/2-1/2